Phædri augusti liberti : et Fl. Aviani fabulæ : accedunt fabulæ græcæ latinis respondentes, et Homeri batrachomyomachia : in usum scholarum /
Guardado en:
| Hovedforfatter: | |
|---|---|
| Andre forfattere: | |
| Format: | Bog |
| Sprog: | latin |
| Fag: | |
| Tags: |
Ingen Tags, Vær først til at tagge denne postø!
|
MARC
| LEADER | 00000nam^a2200000^a^4500 | ||
|---|---|---|---|
| 001 | 000380470 | ||
| 005 | 20250526000000.0 | ||
| 009 | 20260310120604.942 | ||
| 037 | |a Acervo Xavier Clavigero | ||
| 041 | |a LAT | ||
| 082 | |a 873. |b FED V. 1 | ||
| 100 | |a Fedro |e (autor) | ||
| 240 | 1 | 1 | |a [Fábulas de Fedro] |
| 240 | 1 | 1 | |a [Fábulas de Aviano] |
| 245 | 1 | 0 | |a Phædri augusti liberti : |b et Fl. Aviani fabulæ : accedunt fabulæ græcæ latinis respondentes, et Homeri batrachomyomachia : in usum scholarum / |c Fedro. |
| 264 | |a Madrid, España : |b Joachimum Ibarra, |c 1775 | ||
| 300 | |a XVI, 239 p. ; |c 17.5 cm. | ||
| 336 | |a texto |b txt |2 rdacontenido | ||
| 337 | |a sin mediación |b n |2 rdamedio | ||
| 338 | |a volumen |b nc |2 rdasoporte | ||
| 501 | |a Encuadernación particular | ||
| 545 | 0 | |a Fedro (20-15 a.C. – 50-54) fue un escritor latino de fábulas, en las que se puede apreciar las costumbres de la Roma imperial y en donde el autor aprovecha para criticar el abuso de poder, a los mentirosos y los que hacen el mal. Influido por Esopo, Fredo es el primer poeta que escribe sus fábulas como textos separadas a diferencia de sus predecesores que incluyen sus relatos moralizantes como parte de su obra completa. Son alrededor de 122 las fábulas que han llegado a nuestra época, las cuales normalmente se encuentran conjuntadas en cinco volúmenes y escritas en verso con un lenguaje sencillo. Fue un esclavo liberado de Augusto lo que se deduce de un manuscrito del siglo IX en el que aparece como “liberto de Augusto”. | |
| 545 | 0 | |a Flavio Aviano, escritor latino del siglo IV, es autor de 42 fábulas en versos elegíacos, inspiradas fundamentalmente en Babrio, aunque se reconoce la influencia de Fedro y la intención de imitar a los escritores clásicos Ovidio, Virgilio y Propercio. Fueron muy populares como textos escolares. No se tienen datos sobre su vida, pero se cree que perteneció al senado romano. | |
| 561 | |a Ex libris de Bibl. Junioratus San Cayetano | ||
| 561 | |a Ex libris de Bibliotheca Coll. Max. Ysletensis S.J. | ||
| 562 | |a Falta cubierta | ||
| 649 | |a XX | ||
| 650 | |a Animales en la Literatura | ||
| 650 | |a Fábulas Latinas | ||
| 650 | |a Poesía Epica | ||
| 650 | |a Literatura Latina | ||
| 650 | |a Literatura Clásica | ||
| 650 | |a Literatura Didáctica - |z Roma | ||
| 650 | |a Literatura y Etica - |z Roma | ||
| 650 | |a Filosofía y Literatura - |z Roma | ||
| 740 | 0 | |a Fl. Aviani fabulæ : |b fabulæ XLII : variis lectionibus et notis illustratæ ad scholæ usum / |c F. Aviano. | |
| 700 | |a Aviano, Flavio |e (autor) | ||
| 910 | |a Fondo General | ||
| 920 | |a Impresos - Libros | ||
| 930 | |a Libros Antiguos y Raros | ||
| 940 | |a Literatura | ||
| 905 | |a 108 | ||
| 901 | |a 0500275660 |b IT2 |c LRA |u 20250526 | ||
| 902 | |a https://opac.biblio.iteso.mx/vufind/Record/000380470 | ||